000 00450cam a2200181ua 4500
020 _c2.00
041 _amal
_h
082 _a894.8121
_bUNN/NA
100 _aUnnayi, Warrier .
245 _aNalacharitam /
_cUnnayi warrier.
_hTextual Documents
250 _a1 /
_b.
260 _aKottayam :
_bSahitya Pravarthaka Co-operative Society ,
_c1962.
300 _a215 ; .
365 _a2.00
504 _a
942 _cBK
999 _c6607
_d6607